000 00807nas a2200253 4500
001 BR7806022
003 BR-BrBNA
005 20231205083527.0
007 ta
008 230509b bl.|||p| |||| 00| 00por d
040 _aBR-BrBNA
_bpor
_cBiblioteca Nacional de Agricultura
041 _a(Pt)
072 _aK10; K20
100 1 _aAnon.
245 1 _aAspectos juridico-institucionais do reflorestamento [incentivo fiscal, politica florestal, Brasil]
650 _aADMINISTRACAO FLORESTAL
650 _aREFLORESTAMENTO
650 _aPOLITICA FLORESTAL
650 _aDESENVOLVIMENTO FLORESTAL
650 _aINCENTIVO FISCAL
773 0 _tRevista da Madeira (Brazil)
_xISSN 0034-7582
_g(Dec 1978), v. 27(324) p. 17, 20-21
_wBR7806022
909 _a202311
_bLúcia
_c55
_dLúcia Elande
942 _2AGRIS
_n0
_cANA
999 _c99412
_d99412